1484 1053 1047 1882 1040 1188 1488 1635 1882 1377 1914 1044 1843 1270 1867 1212 1713 1581 1739 1059 1549 1770 1292 1820 1678 1856 1494 1352 1191 1141 1528 1409 1620 1001 1453 1137 1308 1038 1313 1774 1054 1582 1530 1885 1556 1780 1379 1325 1179 1358 1388 1634 1404 1297 1531 1708 1702 1133 1224 1954 1044 1865 1922 1424 1517 1733 1278 1601 1038 1398 1970 1155 1396 1903 1308 1400 1589 1777 1455 1612 1983 1877 1711 1943 1376 1319 1446 1016 1763 1462 1776 1423 1128 1875 1401 1555 1832 1645 1909 BCNSPRNW ULIB Ver.6.0+V

เปลี่ยนเป็นภาษาไทย

Change to English
 แสดงรายละเอียดบรรณานุกรม
  กลับหน้าหลัก

Brief Record : Get Marc (ISO 2709) : E-mail record : QR code < ปิดหน้าต่าง
LEADER : 00000nam 2200000uu 4500
001    13399123420
003     ULIB
008    020711s2555 th a 000 0 tha d
020    9786162790430
060    WY156^bก492
110    มหาวิทยาลัยมหิดล.^bคณะแพทย์ศาสตร์โรงพยาบาลรามาธิบดี.
245    การพยาบาลผู้ป่วยโรคมะเร็ง/^cกองบรรณาธิการ ; สุวรรณี สิริเลิศตระกูล,สุวลักษณ์ วงศ์จรรโลงศิล,ประไพ อริยประยูร และ แม้นมนา จิระจรัส
250    พิมพ์ครั้งที่ 1
260    กรุงเทพฯ :^bคณะแพทย์ศาสตร์โรงพยาบาลรามาธิบดี มหาวิทยาลัยมหิดล,^c2555
300    314 หน้า;^b29.5 ซม.
650    โรคมะเร็ง^xการพยาบาล
700    สุวรรณี สิริเลิศตระกูล,^eบรรณาธิการ
700    สุวลักษณ์ วงศ์จรรโลงศิล,^eบรรณาธิการ
700    ประไพ อริยประยูร,^eบรรณาธิการ
700    แม้นมนา จิระจรัส,^eบรรณาธิการ
945    ^p350^l0^i20557
945    ^p350^l0^i20558
945    ^p350^l0^i20559
945    ^p350^l0^i20560
945    ^p350^l0^i20561
945    ^p350^l0^i20562
945    ^p350^l0^i20563
945    ^p350^l0^i20564
945    ^p350^l0^i20565
945    ^p350^l0^i20566
รายการนี้ยังไม่มีแท็ก
คุณยังไม่ได้ล็อกอิน คุณสามารถมีกิจกรรมร่วมกับเว็บไซต์ได้ แต่ต้องล็อกอินก่อน ::
  ล็อกอิน

รายการสื่อสารสนเทศ

ลำดับที่ ประเภท เลขเรียก/บาร์โค้ด สถานที่ สถานะ
1. Book การพยาบาล
Book การพยาบาล
สถานะ=หนังสือเก่า
WY156 ก492 ฉ.1 
  Barcode: 20557
ห้องสมุดวิทยาเขตนครสวรรค์
►ส่วนจัดเก็บหนังสือเก่า นว.
บนชั้น
  ขอยืม
2. Book การพยาบาล
Book การพยาบาล
สถานะ=หนังสือเก่า
WY156 ก492 ฉ.10 
  Barcode: 20566
ห้องสมุดวิทยาเขตนครสวรรค์
►ส่วนจัดเก็บหนังสือเก่า นว.
บนชั้น
  ขอยืม
3. Book การพยาบาล
Book การพยาบาล
สถานะ=หนังสือเก่า
WY156 ก492 ฉ.2 
  Barcode: 20558
ห้องสมุดวิทยาเขตนครสวรรค์
►ส่วนจัดเก็บหนังสือเก่า นว.
บนชั้น
  ขอยืม
4. Book การพยาบาล
Book การพยาบาล
สถานะ=หนังสือเก่า
WY156 ก492 ฉ.3 
  Barcode: 20559
ห้องสมุดวิทยาเขตนครสวรรค์
►ส่วนจัดเก็บหนังสือเก่า นว.
บนชั้น
  ขอยืม
5. Book การพยาบาล
Book การพยาบาล
สถานะ=หนังสือเก่า
WY156 ก492 ฉ.4 
  Barcode: 20560
ห้องสมุดวิทยาเขตนครสวรรค์
►ส่วนจัดเก็บหนังสือเก่า นว.
บนชั้น
  ขอยืม
6. Book การพยาบาล
Book การพยาบาล
สถานะ=หนังสือเก่า
WY156 ก492 ฉ.5 
  Barcode: 20561
ห้องสมุดวิทยาเขตนครสวรรค์
►ส่วนจัดเก็บหนังสือเก่า นว.
บนชั้น
  ขอยืม
7. Book การพยาบาล
Book การพยาบาล
สถานะ=หนังสือเก่า
WY156 ก492 ฉ.6 
  Barcode: 20562
ห้องสมุดวิทยาเขตนครสวรรค์
►ส่วนจัดเก็บหนังสือเก่า นว.
บนชั้น
  ขอยืม
8. Book การพยาบาล
Book การพยาบาล
สถานะ=หนังสือเก่า
WY156 ก492 ฉ.7 
  Barcode: 20563
ห้องสมุดวิทยาเขตนครสวรรค์
►ส่วนจัดเก็บหนังสือเก่า นว.
บนชั้น
  ขอยืม
9. Book การพยาบาล
Book การพยาบาล
สถานะ=หนังสือเก่า
WY156 ก492 ฉ.8 
  Barcode: 20564
ห้องสมุดวิทยาเขตนครสวรรค์
►ส่วนจัดเก็บหนังสือเก่า นว.
บนชั้น
  ขอยืม
10. Book การพยาบาล
Book การพยาบาล
สถานะ=หนังสือเก่า
WY156 ก492 ฉ.9 
  Barcode: 20565
ห้องสมุดวิทยาเขตนครสวรรค์
►ส่วนจัดเก็บหนังสือเก่า นว.
บนชั้น
  ขอยืม

BibComment


ยังไม่เคยถูกคอมเมนท์

คอมเมนท์ทรัพยากรรายการนี้
  คอมเมนท์: การพยาบาลผู้ป่วยโ..


 Copyright 2026. Bcnsprnw @Library